|
|
|
|
| LEADER |
00000ctm a22000007a 4500 |
| 001 |
5385 |
| 003 |
CZ-ZlUTB |
| 005 |
20240830152414.0 |
| 008 |
041213s2004^ xr ||||| ||||| |||||cze|d |
| 040 |
|
|
|a ZLD002
|b cze
|c ZLD002
|d ZLD002
|
| 080 |
|
|
|a 004.9:91
|2 v
|
| 100 |
1 |
|
|a Tvarůžek, Zdeněk
|4 dis
|
| 245 |
1 |
0 |
|a Geografický informační systém a jeho přínos pro rozvoj obce Poteč
|h [rukopis] :
|b bakalářská práce /
|c Zdeněk Tvarůžek ; [vedoucí bakalářské práce Roman Jašek]
|
| 260 |
|
|
|c 2004
|
| 300 |
|
|
|a 42 l., [7] l. příl. :
|b il.
|
| 651 |
|
7 |
|a Poteč (Česko)
|7 ge223346
|2 czenas
|
| 650 |
0 |
7 |
|a geografické informační systémy
|7 ph114617
|2 czenas
|
| 650 |
0 |
7 |
|a regionální rozvoj
|7 ph125083
|2 czenas
|
| 651 |
|
7 |
|a Poteč (Česko)
|7 ge223346
|2 czenas
|
| 655 |
|
4 |
|a bakalářská práce
|
| 700 |
1 |
|
|a Jašek, Roman,
|d 1965-
|7 xx0004484
|4 ths
|
| 710 |
2 |
|
|a Univerzita Tomáše Bati ve Zlíně.
|b Fakulta managementu a ekonomiky.
|b Ústav informatiky a statistiky
|4 dgg
|
| 952 |
|
|
|0 0
|1 0
|4 0
|6 D2004TVARŮŽEKZ
|7 0
|8 MANUS
|9 9080
|a UTBZL
|b UTBZL
|c 001
|d 2006-07-29
|l 0
|o D2004/TVARŮŽEK,Z.
|p 420010088946
|r 2019-08-25 00:00:00
|w 2019-08-25
|x 20100831
|y 12
|
| 992 |
|
|
|a DS
|
| 999 |
|
|
|c 5385
|d 5385
|
| 993 |
|
|
|x NEPOSILAT
|y VSKP
|